Les Pyrénées-Orientales en images - Statistiques

Statistiques générales
  • Ce quiz a été pris 339 fois
  • Le résultat moyen est 10 sur 18
Statistiques - réponses
Par images Hint Réponse % Correct
Langue Catalan
97%
Ville Perpignan
96%
Sportif Martin Fourcade
75%
Sommet Canigou
73%
Ville Collioure
73%
Journal L'Indépendant
68%
Station de sports d'hiver Font-Romeu
60%
Club sportif USAP
60%
Vidéaste Frédéric Molas
59%
Ligne ferroviaire Train Jaune
58%
Station balnéaire Argelès-sur-Mer
55%
Fleuve Têt
53%
Spécialité Rousquille
45%
Ouvrage scientifique Four solaire d'Odeillo
43%
Ancienne province Roussillon
42%
Entreprise Cémoi
32%
Cérémonie religieuse Procession de la {Sanch}
32%
Maréchal Joseph Joffre
22%
Aucun quiz correspondant
Distribution des résultats
% des personnes avec chaque résultat
Percentile par nombre de réponses
Votre historique - résultats
Vous n’avez pas pris ce quiz